header

Tracking gender equity under economic reforms (Record no. 83479)

MARC details
000 -LEADER
fixed length control field 02703nam a2200397 a 4500
245 00 - TITLE STATEMENT
Title Tracking gender equity under economic reforms
260 ## - PUBLICATION, DISTRIBUTION, ETC. (IMPRINT)
Place of publication Ottawa :
Name of publisher International Development Research Centre ;
Place of publication New Delhi :
Name of publisher Kali for Women,
Year of publication 2003.
300 ## - PHYSICAL DESCRIPTION
Number of Pages vi, 388 p. :
Other physical details ill.
505 0# - FORMATTED CONTENTS NOTE
Formatted contents note Non-conventional indicators of gender disparities under structural reforms / Shobna Sonpar and Ravi Kapur -- Household response to gender issues : a survey on households of female EPZ workers in Bangladesh / Salma Chaudhuri Zohir -- Status of women under economic reforms : the Indian case / Swapna Mukhopadhyay -- Economic reform and the status of women in Nepal / APROSC -- Gender and adjustment policies : evidence from Pakistan / Rehana Siddiqui, Shahnaz Hamid, Rizwana Siddiqui, and Naeem Akhtar -- Continuity and change : women workers in garment and textile industries in Sri Lanka / Swarna Jayaweera -- Family structure, women's education and work : re-examining the high status of women in Kerala / Mridul Eapen and Praveena Kodoth -- Trade, gender, and employment issues / Manju Senapaty -- Gender in a macroeconomic framework : a CGE model analysis / Anushree Sinha and Sangeeta N. -- Towards integration? gender and economic policy / Ratna M. Sudarshan.
520 ## - SUMMARY, ETC.
Summary, etc Contributed articles on women employees in economic development process in South Asia.
650 #0 - SUBJECT ADDED ENTRY--TOPICAL TERM
Topical Term Women in economic development
Topical Term Women employees
700 1# - ADDED ENTRY--PERSONAL NAME
Personal name Mukhopadhyay, Swapna.
Personal name Sudarshan, Ratna M.
856 40 - ELECTRONIC LOCATION AND ACCESS
Uniform Resource Identifier http://site.ebrary.com/lib/rucke/Doc?id=10137734

No items available.

© 2026 Rongo University
Contact us: librarian | system librarian | Rongo university